LIBRARY & INFORMATION CENTRE, KCAET, TAVANUR

ONLINE PUBLIC ACCESS CATALOGUE (OPAC)

Sree Narayanante ekalokam / (Record no. 5211)

MARC details
000 -LEADER
fixed length control field 00363cam a2200145ua 4500
041 ## - LANGUAGE CODE
Language code of text/sound track or separate title mal
082 ## - DEWEY DECIMAL CLASSIFICATION NUMBER
Classification number 921
Item number AAB/SR
100 ## - MAIN ENTRY--AUTHOR NAME
Personal name Aabu, O .
245 ## - TITLE STATEMENT
Title Sree Narayanante ekalokam /
260 ## - PUBLICATION, DISTRIBUTION, ETC. (IMPRINT)
Place of publication Quilon :
Name of publisher Sree Rama Vilasam Press & Book Depot ,
Year of publication 1954.
300 ## - PHYSICAL DESCRIPTION
Number of Pages 74 ; .
942 ## - ADDED ENTRY ELEMENTS (KOHA)
Koha item type Books
Holdings
Withdrawn status Lost status Damaged status Home library Current library Date acquired Full call number Accession Number Koha item type
Withdrawn     KAUAET Malayalam University 07/04/2012 921 9435 Books
free website counter